Представление документа в формате RUSMARC

ПолеНазваниеЗначение
  Тип записи a
  Библиографический уровень c
001 Контрольный номер RU/SLIB/B/208744851
005 Дата корректировки 20241121092208.4
010 Индекс ISBN __
d Цена 1-90
101 Язык документа 0_
a Язык текста rus
200 Заглавие и сведения об ответственности 1_
a Заглавие Звездный
e Сведения, относящиеся к заглавию сборник
f Первые сведения об ответственности сост.: Н. Андреев, М.Барабанщиков, В. Митрощенко
b Общее обозначение материала Текст
210 Выходные данные 1_
a Место издания М.
c Издательство Моск. рабочий
d Дата издания 1982
215 Физическое описание __
a Объем 207 с., [6] л. ил.
606 Тематические рубрики __
a Основная рубрика Космонавтика в целом
610 Ключевые слова 0_
a Ключевые слова космонавты; биографии
686 Индексы других классификаций __
a Классификационный индекс 39.6; ст39.6
801 Источник записи _0
a Страна RU
b Организация Муниципальное бюджетное учреждение культуры "Централизованная библиотечная система" г. Сургут (Центральная городская библиотека им. А. С. Пушкина)
g Правила каталогизации КиК/Уланова
801 Источник записи _1
a Страна RU
b Организация Муниципальное бюджетное учреждение культуры "Централизованная библиотечная система" г. Сургут (Центральная городская библиотека им. А. С. Пушкина)
g Правила каталогизации КиК/Уланова
852 Данные о местонахождении __
j Шифр хранения 39.6
c Каталожный индекс 39.6
i Авторский знак З-43
p Инвентарный номер 11019
901 Тип документа __
t Тип документа x
969 Тип издания __
a Тип издания сборник
990 Данные о заказе (DOS) __
j Количество экземпляров (DOS) 3
t N записи в КСУ для И/У (DOS) 199101